|
|
|
|
| LEADER |
00000nam a2200000 i 4500 |
| 001 |
115753 |
| 003 |
CZ ZlUTB |
| 005 |
20260602072046.0 |
| 007 |
ta |
| 008 |
260319s2026 xr e 000 0 cze d |
| 015 |
|
|
|a cnb003736791
|
| 020 |
|
|
|a 978-80-275-2673-4
|q (brožováno)
|
| 040 |
|
|
|a HKA001
|b cze
|d OLA001
|e rda
|
| 072 |
|
7 |
|a 316
|x Sociologie
|2 Konspekt
|9 18
|
| 080 |
|
|
|a 17.035.1
|2 MRF
|
| 080 |
|
|
|a 316.662-021.464
|2 MRF
|
| 080 |
|
|
|a 316.42"15/19"
|2 MRF
|
| 080 |
|
|
|a 316.3/.6
|2 MRF
|
| 080 |
|
|
|a (048.8)
|2 MRF
|
| 100 |
1 |
|
|a Pospěch, Pavel,
|d 1980-
|7 pna2014833452
|4 aut
|
| 245 |
1 |
0 |
|a Osamělí hrdinové :
|b jak kultura autonomie rozleptává společnost /
|c Pavel Pospěch
|
| 250 |
|
|
|a První vydání
|
| 264 |
|
1 |
|a Brno :
|b Host,
|c 2026
|
| 300 |
|
|
|a 190 stran ;
|c 20 cm
|
| 336 |
|
|
|a text
|b txt
|2 rdacontent
|
| 337 |
|
|
|a bez média
|b n
|2 rdamedia
|
| 338 |
|
|
|a svazek
|b nc
|2 rdacarrier
|
| 504 |
|
|
|a Obsahuje bibliografické odkazy
|
| 650 |
0 |
7 |
|a individualismus
|7 ph121070
|2 czenas
|
| 650 |
0 |
7 |
|a osobní autonomie
|7 ph807150
|2 czenas
|
| 650 |
0 |
7 |
|a moderní společnost
|7 ph122942
|2 czenas
|
| 650 |
0 |
7 |
|a člověk a společnost
|7 ph116878
|2 czenas
|
| 650 |
0 |
9 |
|a individualism
|2 eczenas
|
| 650 |
0 |
9 |
|a personal autonomy
|2 eczenas
|
| 650 |
0 |
9 |
|a modern society
|2 eczenas
|
| 650 |
0 |
9 |
|a man and society
|2 eczenas
|
| 655 |
|
7 |
|a monografie
|7 fd132842
|2 czenas
|
| 655 |
|
9 |
|a monographs
|2 eczenas
|
| 710 |
2 |
|
|a Host (vydavatelství)
|7 ko2003163544
|4 pbl
|
| 910 |
|
|
|a ZLD002
|
| 942 |
|
|
|2 udc
|
| 952 |
|
|
|0 0
|1 0
|4 0
|6 316POSPĚCHP
|7 0
|8 BOOK
|9 191398
|a UTBZL
|b UTBZL
|c 006
|d 2026-06-02
|l 0
|o 316/POSPĚCH,P.
|p 420010202228
|r 2026-06-02 07:21:29
|v 399.00
|w 2026-06-02
|x N:nákup
|y 04
|
| 992 |
|
|
|a BK
|b SKNEW
|
| 999 |
|
|
|c 115753
|d 115753
|